Datum a čas kvízu
16
Celkem bodů
Celkový počet nahraných bodů na tomto kvízu bez doplňovacích otázek.
14.
Pořadí na kvízu
Konečné umístění týmu na tomto kvízu.
Zaznamenané odpovědi
| # | Otázka | Odpověď | Body | Výsledky |
|---|---|---|---|---|
| 1. | V jedné české zoologické zahra... | v Olomouci | 0 | |
| 2. | Jeden z vysoce postavených stá... | na Slovensku | 1 | |
| 3. | V sobotu proběhl velkolepý kon... | Rio de Janeiro | 0 | |
| 4. | Minulý týden byl na aukci v ji... | (zlaté) hodinky | 1 | |
| 5. | V neděli se konal tradiční Pra... | 29. ročník, Staroměstské náměstí | 0.5 | |
| 6. | Vítězné téma facebookového hla... | Méďové | 0 | |
| 7. | Jak se jmenoval herec, který v... | Lubomír Kostelka | 0 | |
| 8. | Který zahraniční dětský seriál... | Tlapková patrola | 0 | |
| 9. | Která z těchto postav je nejme... | D) Zip | 0 | |
| 10. | Napište název oblíbeného dětsk... | Včelka Mája | 0 |